Logic for mathematicians /
Guardado en:
| Autor Principal: | |
|---|---|
| Formato: | Libro |
| Idioma: | English |
| Publicado: |
Cambridge :
Cambridge University Press,
1988.
|
| Edición: | Rev. ed. |
| Materias: | |
| Etiquetas: |
Agregar Etiqueta
Sin Etiquetas, Sea el primero en etiquetar este registro!
|
| LEADER | 00971cam a2200241 a 4500 | ||
|---|---|---|---|
| 001 | MAT.inmabb003903 | ||
| 008 | 771005s1988####enk######b####001#0#eng## | ||
| 005 | 20130312125040.0 | ||
| 245 | 1 | 0 | |a Logic for mathematicians / |c A. G. Hamilton. |
| 250 | |a Rev. ed. | ||
| 260 | |a Cambridge : |b Cambridge University Press, |c 1988. | ||
| 300 | |a viii, 228 p. ; |c 23 cm. | ||
| 500 | |a Ed. original publicada en 1978. | ||
| 504 | |a Bibliografía: p. [219]. | ||
| 505 | 0 | |a 1. Informal statement calculus -- 2. Formal statement calculus -- 3. Informal predicate calculus -- 4. Formal predicate calculus -- 5. Mathematical systems -- 6. The Gödel incompleteness theorem -- 7. Computability, unsolvability, undecidability. | |
| 510 | 4 | |a MR, |c 80c:03005 | |
| 020 | |a 0521368650 (pbk.) | ||
| 020 | |a 0521218381 | ||
| 100 | 1 | |a Hamilton, A. G., |d 1943- | |
| 650 | 0 | |a Logic, Symbolic and mathematical. | |
| 084 | |a 03-01 |2 msc2000 | ||
| 040 | |a DLC |c DLC |d DLC | ||
| 859 | |h 03 |i H217 |p A-6301 |b BIB. MATEMATICA | ||
